| 000 | 00669nam a2200229 a 4500 | ||
|---|---|---|---|
| 001 | 38149 | ||
| 003 | BD-RjUL | ||
| 005 | 20211209052733.0 | ||
| 008 | 160621s1981 bg 000 0 eng | ||
| 035 | _a(BD-RjUL)38254 | ||
| 040 |
_aDLC _cDLC _dDLC _dBD-RjUL _beng |
||
| 041 | _aeng | ||
| 082 | 0 | 0 |
_a657 _bKHA 1981 |
| 100 | 2 |
_a Khan, Md. Muinuddin. _970022 |
|
| 245 | 1 | 0 |
_aAdvanced accounting / _b _cby Md. Muinuddin Khan. _nVolume I : _pBased entirely on law & practice of Bangladesh |
| 250 | _a6th ed. | ||
| 260 |
_aDacca : _bIdeal Library, _c1981. |
||
| 300 |
_ax, 947 p. : _bill. ; _c25 cm. |
||
| 505 | 0 | 1 | _a Vol.1-- |
| 650 | 0 |
_aAccounting. _970023 |
|
| 942 |
_2ddc _cBK |
||
| 999 |
_c38149 _d38149 |
||